000 00214 a2200097 4500
001 38204
100 _aSiddiqi Safdar
245 _athe role of Islam
260 _aLahore
_bFerozsons
_c1997
090 _c24262
_d24262
942 _aNUST-CAE
_cM
_c15850
999 _c273277
_d273277